|
|
|
|
| LEADER |
01233nam a2200277 a 4500 |
| 001 |
194121 |
| 008 |
091102s2002 ii b 000 0 eng d |
| 010 |
|
|
|a 98907772
|
| 020 |
|
|
|a 0140278338
|
| 020 |
|
|
|a 0670882712
|
| 040 |
|
|
|a DLC
|c DLC
|d DLC
|
| 082 |
0 |
0 |
|a 303.49/0954
|2 21
|
| 100 |
2 |
|
|a Abdul Kalam, A. P. J.
|q (Avul Pakir Jainulabdeen),
|d 1931-
|
| 245 |
1 |
0 |
|a India 2020 :
|b a vision for the new millennium /
|c A.P.J. Abdul Kalam with Y.S. Rajan.
|
| 246 |
3 |
0 |
|a India two thousand twenty
|
| 260 |
|
|
|a New Delhi ;
|a New York :
|b Viking ;
|b Penguin Books,
|c 2002.
|
| 300 |
|
|
|a xvi, 324 p. ;
|c 22 cm.
|
| 504 |
|
|
|a Includes bibliographical references (p. [308]-312).
|
| 541 |
1 |
|
|e 00016818
|
| 651 |
|
0 |
|a India
|x Forecasting.
|
| 650 |
|
0 |
|a Twenty-first century
|x Forecasts.
|
| 700 |
1 |
|
|a Rajan, Y. S.
|
| 852 |
4 |
|
|a Ayesha Abed Library
|j General Shelf
|
| 999 |
|
|
|c 5461
|d 5461
|
| 952 |
|
|
|0 0
|1 0
|2 ddc
|4 0
|6 303_490954000000000_ABD_2002
|7 0
|9 5329
|a BRACUL
|b BRACUL
|c GEN
|d 2009-11-12
|g 410.00
|l 0
|o 303.490954 ABD
|p 3010016818
|r 2009-11-12
|t 1
|w 2009-11-12
|y BK
|
| 952 |
|
|
|0 0
|1 0
|2 ddc
|4 0
|6 303_490954000000000_ABD
|7 0
|9 44445
|a BRACUL
|b BRACUL
|c GEN
|d 2014-12-09
|e Development Book Agency
|g 450.00
|l 1
|m 1
|o 303.490954 ABD
|p 3010028644
|r 2016-11-21
|s 2016-11-08
|t 2
|w 2014-12-09
|y BK
|